[Event "Dortmund Sparkassen"]
[Site "Dortmund GER"]
[Date "2013.08.02"]
[EventDate "2013.07.26"]
[Round "7.4"]
[Result "1/2-1/2"]
[White "Fabiano Caruana"]
[Black "Georg Meier"]
[WhiteElo "2796"]
[BlackElo "2610"]
[PlyCount "121"]

1. e4 e6 2. d4 d5 3. Nc3 Nf6 4. e5 Nfd7 5. f4 c5 6. Nf3 Nc6
7. Be3 cxd4 8. Nxd4 Bc5 9. Qd2 O-O 10. O-O-O a6 11. Qf2 Bxd4
12. Bxd4 b5 13. Be3 Qa5 14. Kb1 b4 15. Ne2 Qc7 16. Ng3 a5
17. Nh5 a4 18. Bb5 Ba6 19. Bxa6 Rxa6 20. Rd3 Rc8 21. Rc1 Ne7
22. Qd2 Qb7 23. g4 Rac6 24. Bd4 Qb5 25. Rf3 b3 26. axb3 axb3
27. Rxb3 Qc4 28. Qb4 Nc5 29. Bxc5 Rxc5 30. Qxc4 dxc4 31. Rb7
Nd5 32. c3 g6 33. Nf6+ Nxf6 34. exf6 h5 35. h3 hxg4 36. hxg4
g5 37. Rf1 gxf4 38. Rxf4 R8c7 39. Rb8+ Rc8 40. Rb7 R8c7
41. Rxc7 Rxc7 42. b3 cxb3 43. Kb2 Kh7 44. Kxb3 Kg6 45. c4 Kg5
46. Rf1 Rc8 47. Kb4 Rb8+ 48. Ka5 Rc8 49. Kb5 Rb8+ 50. Ka6 Rc8
51. Rc1 Kxf6 52. c5 Kg5 53. Kb7 Rh8 54. c6 f5 55. gxf5 exf5
56. c7 f4 57. c8=Q Rxc8 58. Rxc8 f3 59. Kc6 Kg4 60. Rf8 Kg3
61. Rxf3+ 1/2-1/2

[Event "London Chess Classic (Blitz)"]
[Site "London ENG"]
[Date "2014.12.08"]
[EventDate "2014.12.08"]
[Round "3"]
[Result "1-0"]
[White "Michael Adams"]
[Black "Fabiano Caruana"]
[WhiteElo "2745"]
[BlackElo "2829"]
[PlyCount "155"]

1. e4 c5 2. Nf3 e6 3. d4 cxd4 4. Nxd4 a6 5. Bd3 Bc5 6. Nb3 Be7
7. O-O d6 8. Qg4 g6 9. Qe2 Nd7 10. a4 Ne5 11. a5 Nf6 12. Be3
O-O 13. Bb6 Qe8 14. Nc3 Nxd3 15. cxd3 e5 16. Nd2 Bg4 17. f3
Be6 18. f4 exf4 19. Rxf4 Nd7 20. Bd4 Ne5 21. h3 Bd8 22. Rf2
Rc8 23. Nf3 Bf6 24. Qe3 Bg7 25. Nxe5 Bxe5 26. Rf3 Qd8 27. Bb6
Qe7 28. Raf1 Bg7 29. R1f2 h6 30. Bd4 Bxd4 31. Qxd4 Qc7 32. Rg3
Kh7 33. Kh2 h5 34. Nd5 Bxd5 35. Qxd5 Qe7 36. d4 Rc1 37. Rb3
Rc7 38. Rbf3 Kg7 39. b4 Rc1 40. Rf6 Re1 41. Rxd6 Qxe4 42. Qxe4
Rxe4 43. Rd7 h4 44. Kg1 Re1+ 45. Rf1 Re4 46. Rf3 g5 47. Kf2
Kg6 48. Re3 Rf4+ 49. Ke2 Rc8 50. Kd3 Rf2 51. Re2 Rf1 52. Rxb7
Rd1+ 53. Rd2 Rb1 54. Rb6+ Kg7 55. Ke4 Rc4 56. Rxa6 Rcxb4
57. Rc6 Ra4 58. Rc5 Rba1 59. Rxg5+ Kh6 60. Rf5 Rxa5 61. Rxf7
Rg5 62. Rf4 Re1+ 63. Kd3 Kh5 64. Kc4 Rc1+ 65. Kd3 Re1 66. Kc2
Rg1 67. Rff2 Rd5 68. Kd3 Ra1 69. Ke4 Rg5 70. Rfe2 Ra4 71. Rc2
Rg7 72. Rc5+ Kh6 73. Kd3 Rg3+ 74. Ke4 Rg7 75. Rc6+ Kh5
76. Rec2 Re7+ 77. Kd3 Ra3+ 78. R2c3 1-0

[Event "London Chess Classic (Blitz)"]
[Site "London ENG"]
[Date "2014.12.08"]
[EventDate "2014.12.08"]
[Round "8"]
[Result "0-1"]
[White "Fabiano Caruana"]
[Black "Vladimir Kramnik"]
[WhiteElo "2829"]
[BlackElo "2769"]
[PlyCount "96"]

1. Nf3 d5 2. g3 Nc6 3. d4 Bf5 4. Bg2 Nb4 5. Na3 e6 6. O-O Nf6
7. Bf4 c6 8. c3 Na6 9. Nc2 Be7 10. Ne5 h6 11. Ne1 O-O 12. N1d3
Rc8 13. b4 Nb8 14. a4 a5 15. Qb3 axb4 16. cxb4 Ne4 17. Nc5 Nd6
18. Rfc1 Bg5 19. Bxg5 hxg5 20. a5 f6 21. Nf3 Qe7 22. Nd2 Na6
23. Nxa6 bxa6 24. Rc5 Nb7 25. Rc3 Bg6 26. Rac1 Nd8 27. e4 Rb8
28. Rc5 Nb7 29. Bh3 Bf7 30. Qe3 Nxc5 31. Rxc5 Rxb4 32. Rxc6
dxe4 33. Nxe4 Rb1+ 34. Kg2 g4 35. Bxg4 f5 36. Bxf5 exf5
37. Nf6+ Qxf6 38. Rxf6 Bd5+ 39. f3 Rb2+ 40. Kg1 Rxf6 41. Qe8+
Rf8 42. Qd7 Rb5 43. Kf2 f4 44. gxf4 Rxf4 45. Qc8+ Rf8 46. Qxa6
Rxf3+ 47. Ke2 Rb2+ 48. Ke1 Rc3 0-1

[Event "London Chess Classic (Blitz)"]
[Site "London ENG"]
[Date "2014.12.08"]
[EventDate "2014.12.08"]
[Round "9"]
[Result "0-1"]
[White "Fabiano Caruana"]
[Black "Viswanathan Anand"]
[WhiteElo "2829"]
[BlackElo "2793"]
[PlyCount "70"]

1. Nf3 d5 2. g3 g6 3. Bg2 Bg7 4. O-O e5 5. d3 Nc6 6. e4 dxe4
7. dxe4 Qxd1 8. Rxd1 Bg4 9. Be3 Nd4 10. Bxd4 exd4 11. Na3
O-O-O 12. h3 Bxf3 13. Bxf3 Ne7 14. Nc4 Nc6 15. Bg4+ Kb8 16. f4
b5 17. Na3 a6 18. Bf3 g5 19. fxg5 d3 20. c3 h6 21. gxh6 Bxh6
22. Rf1 Ne5 23. Rad1 Bf8 24. Bg2 Bxa3 25. bxa3 Rh6 26. Rf5 Re6
27. Kf2 f6 28. Bf1 Rc6 29. Rc1 d2 30. Rd1 Rxc3 31. Rxf6 Rxa3
32. g4 Nc4 33. Bxc4 bxc4 34. Rc6 Rd4 35. h4 Kb7 0-1

[Event "Millionaire Chess (Blitz Tiebreaks A)"]
[Site "Las Vegas USA"]
[Date "2015.10.11"]
[EventDate "2015.10.11"]
[Round "3.1"]
[Result "1-0"]
[White "Luke McShane"]
[Black "Fabiano Caruana"]
[WhiteElo "2674"]
[BlackElo "2796"]
[PlyCount "63"]

1. e4 c5 2. Nf3 e6 3. g3 Nc6 4. Bg2 Nf6 5. d3 d5 6. Qe2 Be7
7. O-O b5 8. exd5 exd5 9. d4 c4 10. Be3 Bg4 11. h3 Bxf3
12. Qxf3 Qb6 13. Nc3 Rd8 14. g4 b4 15. Ne2 h5 16. Rad1 hxg4
17. hxg4 Ne4 18. Nf4 Ng5 19. Qe2 Qb8 20. Rfe1 Kf8 21. Nxd5
Qh2+ 22. Kf1 Nh3 23. Qf3 Bd6 24. Ke2 Re8 25. Kd2 c3+ 26. Kc1
cxb2+ 27. Kb1 b3 28. axb3 Be7 29. Rh1 Qd6 30. Rxh3 Rg8
31. Kxb2 Qa3+ 32. Kb1 1-0

[Event "Millionaire Chess (Blitz Tiebreaks A)"]
[Site "Las Vegas USA"]
[Date "2015.10.11"]
[EventDate "2015.10.11"]
[Round "4.1"]
[Result "1/2-1/2"]
[White "Fabiano Caruana"]
[Black "Aleksandr Shimanov"]
[WhiteElo "2796"]
[BlackElo "2593"]
[PlyCount "155"]

1. e4 c6 2. d4 d5 3. e5 Bf5 4. Nf3 e6 5. Be2 Ne7 6. c3 h6
7. O-O Nd7 8. Nbd2 a6 9. Nb3 Rc8 10. a4 Bh7 11. Ne1 c5
12. Nxc5 Nxc5 13. dxc5 Rxc5 14. Be3 Rc8 15. a5 Nc6 16. Bb6 Qd7
17. f4 Be7 18. Bd3 Bxd3 19. Nxd3 O-O 20. Qb3 f6 21. exf6 Bxf6
22. Rae1 Rfe8 23. Qd1 Qf7 24. Qg4 Nb8 25. Ne5 Bxe5 26. fxe5
Qe7 27. Rf6 Kh8 28. Rf3 Nd7 29. Bd4 Rf8 30. Ref1 Rxf3 31. Rxf3
Rf8 32. Rxf8+ Nxf8 33. h3 Qf7 34. Bc5 Ng6 35. Bd4 Ne7 36. b4
Qf5 37. Qxf5 Nxf5 38. Kf2 Kg8 39. g4 Ne7 40. h4 g6 41. h5 Kf7
42. Bc5 Nc6 43. Bd6 Na7 44. Bc5 Nb5 45. Be3 Kg7 46. Bd2 Na7
47. Bf4 Nc6 48. Ke3 Kh7 49. Kd3 Kg7 50. Bh2 g5 51. Kc2 Kf7
52. Kb3 Ke7 53. c4 Kd7 54. Kc3 d4+ 55. Kb3 d3 56. Kc3 Nxb4
57. Bg3 Nc6 58. Kxd3 Nxa5 59. Bf2 Nc6 60. Ke4 Ke8 61. Bc5 Na5
62. Kd3 Nc6 63. Bd6 Nd8 64. Ke4 Nf7 65. Bb4 Kd7 66. Kd4 Kc6
67. Bf8 b5 68. cxb5+ Kxb5 69. Be7 a5 70. Bf8 Ka4 71. Kc3 Kb5
72. Kd4 Kc6 73. Be7 Kd7 74. Bf8 Kc6 75. Ba3 Kb5 76. Bf8 Ka4
77. Kc3 Kb5 78. Kd4 1/2-1/2

[Event "Tata Steel Masters"]
[Site "Wijk aan Zee NED"]
[Date "2016.01.26"]
[EventDate "2016.01.16"]
[Round "9.5"]
[Result "1/2-1/2"]
[White "Fabiano Caruana"]
[Black "Sergey Karjakin"]
[WhiteElo "2787"]
[BlackElo "2769"]
[PlyCount "119"]

1. e4 e5 2. Nf3 Nc6 3. Bb5 Nf6 4. d3 Bc5 5. Bxc6 dxc6 6. Nbd2
O-O 7. Nc4 Nd7 8. Qe2 Re8 9. Bd2 Bd6 10. h4 Nf8 11. h5 Ne6
12. O-O-O c5 13. Qf1 f6 14. Nh4 Nd4 15. c3 Nc6 16. Nf5 Bxf5
17. exf5 h6 18. g4 Bf8 19. Qe2 Qd7 20. Be3 Rad8 21. Qc2 Kh7
22. Qb3 a6 23. Nd2 Na5 24. Qc2 Qd5 25. Kb1 Qxd3 26. Qxd3 Rxd3
27. Ne4 c4 28. b4 Nc6 29. Rxd3 cxd3 30. a4 Rd8 31. Rd1 Kg8
32. Kb2 Kf7 33. a5 b6 34. axb6 cxb6 35. Ra1 d2 36. Nxd2 a5
37. b5 Na7 38. c4 Nc8 39. Ne4 Bb4 40. Kc2 Ke8 41. Rd1 Rxd1
42. Kxd1 Kd7 43. Kc2 Kc7 44. c5 a4 45. f3 bxc5 46. Nxc5 Bxc5
47. Bxc5 Nd6 48. b6+ Kc6 49. b7 Nxb7 50. Bf8 Nd6 51. Bxg7 Nf7
52. Bxf6 a3 53. Bh4 Kd5 54. Be1 a2 55. Kb2 Kd4 56. Bd2 Kd3
57. Bc1 Ke2 58. f4 exf4 59. Bxf4 Kf3 60. Bxh6 1/2-1/2

[Event "Your Next Move (Blitz)"]
[Site "Leuven BEL"]
[Date "2016.06.19"]
[EventDate "2016.06.19"]
[Round "4.3"]
[Result "1-0"]
[White "Levon Aronian"]
[Black "Fabiano Caruana"]
[WhiteElo "2792"]
[BlackElo "2804"]
[PlyCount "68"]

1. d4 Nf6 2. c4 e6 3. Nc3 Bb4 4. Nf3 O-O 5. Bg5 h6 6. Bh4 c5
7. Rc1 cxd4 8. Nxd4 Nc6 9. e3 b6 10. Nb5 a6 11. Nd6 Qe7
12. Ne4 g5 13. Nxf6+ Qxf6 14. Bg3 d5 15. h4 g4 16. Qxg4+ Kh8
17. Qg5 Bxc3+ 18. bxc3 Qxf2+ 19. Kxf2 hxg5 20. hxg5+ Kg7
21. cxd5 exd5 22. c4 Be6 23. cxd5 Bxd5 24. Bd3 Rh8 25. Rxh8
Kxh8 26. e4 Nb4 27. Rh1+ Kg8 28. exd5 Nxd3+ 29. Ke3 Nb4
30. Be5 f6 31. Bxf6 Nxd5+ 32. Ke4 Nxf6+ 33. gxf6 Rc8 34. Kf5
Rc5+ 1-0

[Event "Champions Showdown"]
[Site "St Louis, MO USA"]
[Date "2016.11.11"]
[EventDate "2016.11.10"]
[Round "3"]
[Result "1/2-1/2"]
[White "Viswanathan Anand"]
[Black "Fabiano Caruana"]
[WhiteElo "2779"]
[BlackElo "2823"]
[PlyCount "73"]

1. e4 c5 2. Nf3 Nc6 3. d4 cxd4 4. Nxd4 e5 5. Nb5 d6 6. c4 Be7
7. N1c3 a6 8. Na3 Be6 9. Be2 Rc8 10. O-O Nf6 11. Be3 O-O
12. Qd2 Nd7 13. Rac1 Nc5 14. f3 Nd4 15. Bxd4 exd4 16. Qxd4 Qb6
17. Rc2 Bf6 18. Qe3 Qb4 19. Qd2 Na4 20. Nd5 Qc5+ 21. Kh1 Bxd5
22. cxd5 Qd4 23. Nc4 b5 24. Nxd6 Rxc2 25. Qxc2 g6 26. f4 Nxb2
27. e5 Be7 28. Qe4 Qxe4 29. Nxe4 Rc8 30. f5 gxf5 31. Ng3 Rc2
32. Bh5 Nd3 33. Nxf5 Nf2+ 34. Kg1 Bc5 35. e6 Nh3+ 36. Kh1 Nf2+
37. Kg1 1/2-1/2

[Event "Champions Showdown"]
[Site "St Louis, MO USA"]
[Date "2016.11.11"]
[EventDate "2016.11.10"]
[Round "4"]
[Result "1/2-1/2"]
[White "Fabiano Caruana"]
[Black "Veselin Topalov"]
[WhiteElo "2823"]
[BlackElo "2760"]
[PlyCount "76"]

1. Nf3 d5 2. c4 d4 3. b4 f6 4. e3 e5 5. c5 a5 6. Qa4+ Bd7
7. b5 Bxc5 8. Bc4 Ne7 9. exd4 exd4 10. Ba3 Bxa3 11. Nxa3 Bg4
12. Nxd4 Nd7 13. Nac2 Nb6 14. Qb3 Qd6 15. O-O a4 16. Qc3 O-O-O
17. h3 Bd7 18. Rfe1 Ned5 19. Bxd5 Nxd5 20. Qa5 Nb6 21. Re3
Rhe8 22. Rb1 Re5 23. Ra3 Rde8 24. Re3 Kb8 25. Rd3 Bf5 26. Re3
Bg6 27. Rbe1 Rd8 28. d3 Nd5 29. Rxe5 fxe5 30. Nf3 Bxd3
31. Nxe5 Bxc2 32. Nf7 Qg6 33. Nxd8 Nf4 34. g3 Nxh3+ 35. Kg2
Nf4+ 36. Kg1 Nh3+ 37. Kg2 Nf4+ 38. Kg1 Nh3+ 1/2-1/2

[Event "Champions Showdown"]
[Site "St Louis, MO USA"]
[Date "2016.11.12"]
[EventDate "2016.11.10"]
[Round "6"]
[Result "1/2-1/2"]
[White "Fabiano Caruana"]
[Black "Viswanathan Anand"]
[WhiteElo "2823"]
[BlackElo "2779"]
[PlyCount "66"]

1. Nf3 d5 2. c4 e6 3. b3 c5 4. e3 Nc6 5. cxd5 exd5 6. Bb5 Nf6
7. O-O Bd6 8. Bb2 O-O 9. d4 cxd4 10. Nxd4 Bg4 11. Be2 Bxe2
12. Nxe2 Re8 13. Nd2 Be5 14. Bxe5 Nxe5 15. Nf3 Nxf3+ 16. gxf3
Qa5 17. Qd3 Rac8 18. a4 Rc5 19. Rfb1 Qc7 20. Rc1 b6 21. Rc3
Rc8 22. Rac1 a5 23. Kg2 h6 24. Qa6 Qd8 25. Rxc5 bxc5 26. Ng3
g6 27. Qb5 Qc7 28. Ne2 c4 29. Nf4 Qc5 30. e4 Qxb5 31. axb5 Rb8
32. bxc4 dxc4 33. Rxc4 Rxb5 1/2-1/2

[Event "Champions Showdown (Rapid)"]
[Site "St Louis, MO USA"]
[Date "2016.11.13"]
[EventDate "2016.11.13"]
[Round "1.1"]
[Result "1/2-1/2"]
[White "Veselin Topalov"]
[Black "Fabiano Caruana"]
[WhiteElo "2760"]
[BlackElo "2823"]
[PlyCount "124"]

1. c4 c6 2. d4 d5 3. Nf3 Nf6 4. e3 Bf5 5. Nc3 e6 6. Nh4 Be4
7. f3 Bg6 8. Qb3 Qc7 9. Bd2 Be7 10. O-O-O dxc4 11. Bxc4 a6
12. Nxg6 hxg6 13. Kb1 b5 14. Be2 Nbd7 15. Ne4 Nxe4 16. fxe4 e5
17. Bc3 Bd6 18. h4 Nf6 19. Bf3 Qe7 20. g4 Nd7 21. g5 a5
22. Qc2 b4 23. Be1 c5 24. dxc5 Nxc5 25. Rd5 Rc8 26. Bg3 Rc6
27. Qe2 Qc7 28. Rhd1 Ke7 29. Qh2 Rc8 30. Bxe5 Bxe5 31. Qxe5+
Qxe5 32. Rxe5+ Kf8 33. Bg4 Nd3 34. Bxc8 Nxe5 35. Bb7 Rc7
36. Bd5 Ke7 37. Bb3 Rc5 38. Rf1 f6 39. gxf6+ gxf6 40. Bd5 Rc8
41. Rh1 Nf3 42. a4 bxa3 43. bxa3 Rc3 44. Kb2 Rxe3 45. h5 gxh5
46. Rxh5 Kd6 47. Rh8 Nd4 48. Ra8 f5 49. Rxa5 f4 50. Bc4 f3
51. e5+ Kc6 52. e6 f2 53. Rh5 Re1 54. Rh8 Nxe6 55. Rh2 f1=Q
56. Bxf1 Rxf1 57. a4 Kc5 58. a5 Nd4 59. Kc3 Rf3+ 60. Kd2 Ra3
61. Rh8 Rxa5 62. Rh5+ Kb4 1/2-1/2

[Event "Champions Showdown (Rapid)"]
[Site "St Louis, MO USA"]
[Date "2016.11.13"]
[EventDate "2016.11.13"]
[Round "3.1"]
[Result "1/2-1/2"]
[White "Viswanathan Anand"]
[Black "Fabiano Caruana"]
[WhiteElo "2779"]
[BlackElo "2823"]
[PlyCount "35"]

1. e4 e5 2. Nf3 Nf6 3. Nxe5 d6 4. Nf3 Nxe4 5. d4 d5 6. Bd3 Bd6
7. O-O O-O 8. c4 c6 9. Re1 Bf5 10. Nc3 Nxc3 11. bxc3 Bxd3
12. Qxd3 dxc4 13. Qxc4 Nd7 14. Rb1 Qc7 15. Qb3 b5 16. c4 bxc4
17. Qxc4 c5 18. dxc5 1/2-1/2

[Event "Champions Showdown (Rapid)"]
[Site "St Louis, MO USA"]
[Date "2016.11.13"]
[EventDate "2016.11.13"]
[Round "4.1"]
[Result "1-0"]
[White "Fabiano Caruana"]
[Black "Veselin Topalov"]
[WhiteElo "2823"]
[BlackElo "2760"]
[PlyCount "143"]

1. Nf3 d5 2. c4 c6 3. d4 Nf6 4. e3 Bf5 5. Nc3 e6 6. Nh4 Bg6
7. Be2 Nbd7 8. O-O Bd6 9. g3 Qe7 10. Qb3 Rb8 11. Rd1 Ne4
12. cxd5 exd5 13. Nxe4 Bxe4 14. f3 Bg6 15. Bd3 O-O 16. Bd2 Nf6
17. Nxg6 hxg6 18. Kg2 b6 19. Re1 c5 20. Qc2 Rfe8 21. Bb5 Red8
22. Bc3 Qc7 23. Qf2 Qb7 24. b3 a6 25. Bd3 Rbc8 26. dxc5 bxc5
27. Rad1 Re8 28. Bxf6 gxf6 29. Qf1 Qb6 30. e4 dxe4 31. Bxe4
Kg7 32. Qc4 Re7 33. Bd3 Rxe1 34. Rxe1 a5 35. Re2 Rd8 36. Be4
Qb4 37. Bd5 Qxc4 38. Bxc4 f5 39. f4 Kf6 40. Kf3 Bc7 41. Rc2
Bb6 42. h3 Rd1 43. Be2 Rd4 44. h4 Ba7 45. Bc4 Bb6 46. Rh2 Rd7
47. h5 Kg7 48. hxg6 fxg6 49. Re2 Bd8 50. Re6 Bf6 51. Ra6 Bc3
52. g4 fxg4+ 53. Kxg4 Bd2 54. Kg5 Kh7 55. Rf6 Bc1 56. a4 Re7
57. Ra6 Re5+ 58. Kg4 Rf5 59. Rxa5 Rxf4+ 60. Kg3 Rf5 61. Ra8
Bf4+ 62. Kg2 Be3 63. a5 Rf2+ 64. Kg3 Ra2 65. a6 Kh6 66. Kf3
Bd4 67. Ke4 g5 68. Rg8 Ra5 69. Kd5 Kh5 70. Kc6 g4 71. Kb6 Ra3
72. a7 1-0

[Event "Champions Showdown (Rapid)"]
[Site "St Louis, MO USA"]
[Date "2016.11.13"]
[EventDate "2016.11.13"]
[Round "6.1"]
[Result "1/2-1/2"]
[White "Fabiano Caruana"]
[Black "Viswanathan Anand"]
[WhiteElo "2823"]
[BlackElo "2779"]
[PlyCount "73"]

1. Nf3 Nf6 2. g3 c5 3. Bg2 Nc6 4. O-O d5 5. c4 d4 6. e3 e5
7. exd4 exd4 8. d3 Be7 9. Bf4 O-O 10. Ne5 Nxe5 11. Bxe5 Ng4
12. Re1 Nxe5 13. Rxe5 Bd6 14. Re1 Bf5 15. Qc2 Qd7 16. Nd2 Rae8
17. Ne4 b6 18. f4 Re7 19. Qf2 Rfe8 20. h3 Bxh3 21. Nxd6 Rxe1+
22. Rxe1 Rxe1+ 23. Qxe1 Bxg2 24. Nxf7 Bb7 25. Ng5 h6 26. Ne4
Qg4 27. Nd2 Kh7 28. Kf2 Qh5 29. Qg1 Bc8 30. Nf3 Qe8 31. Ne5
Qa4 32. Qb1 h5 33. g4 Bxg4 34. Nxg4 hxg4 35. Qh1+ Kg8 36. Qd5+
Kf8 37. Qf5+ 1/2-1/2

[Event "PRO League Group Stage"]
[Site "chess.com INT"]
[Date "2017.02.11"]
[EventDate "2017.01.11"]
[Round "5"]
[Result "1/2-1/2"]
[White "Fabiano Caruana"]
[Black "Aryan Tari"]
[WhiteElo "2827"]
[BlackElo "2584"]
[PlyCount "150"]

1. e4 c6 2. d4 d5 3. e5 Bf5 4. Nf3 e6 5. Be2 Ne7 6. c3 Nd7
7. O-O c5 8. dxc5 Nxc5 9. Na3 Nc6 10. Bf4 Be7 11. Nb5 O-O
12. Nfd4 Bg6 13. Rc1 Nd7 14. Nxc6 bxc6 15. Nd4 Qc7 16. c4 Qb7
17. cxd5 cxd5 18. Bb5 Rad8 19. Qe2 Nb8 20. g3 Rc8 21. h4 h6
22. h5 Bh7 23. Be3 Rxc1 24. Rxc1 Rc8 25. Qd2 Rc7 26. Qa5 Rxc1+
27. Bxc1 Bc5 28. Qd8+ Bf8 29. Be3 a6 30. Be8 Be7 31. Bc6+ Bxd8
32. Bxb7 Bd3 33. b4 Kf8 34. Nb3 Nd7 35. f4 Bc4 36. Kf2 Ke7
37. Nd4 Nb8 38. a4 Kd7 39. f5 Be7 40. b5 axb5 41. axb5 exf5
42. Nxf5 Bf8 43. b6 Nc6 44. Bf4 Bc5+ 45. Kg2 Nd8 46. Ba8 Ne6
47. b7 Ba7 48. Bd2 Bd3 49. Nd6 Bb8 50. Nxf7 Be2 51. Bb4 Bxh5
52. Bd6 Nc7 53. Nh8 Ke6 54. g4 Be8 55. Kf3 g5 56. Ke3 h5
57. gxh5 Bxh5 58. Kf2 d4 59. Bb4 Kxe5 60. Bd2 Kf6 61. Bc1 Be8
62. Kf3 Bc6+ 63. Kg4 Nxa8 64. bxa8=Q Bxa8 65. Bxg5+ Kg7
66. Kf5 d3 67. Bf6+ Kh7 68. Bc3 Bc6 69. Nf7 Bd7+ 70. Kf6 Bc7
71. Ng5+ Kg8 72. Kg6 Be8+ 73. Kf5 Bd7+ 74. Kg6 Be8+ 75. Kf5
Bd7+ 1/2-1/2

[Event "PRO League Group Stage"]
[Site "chess.com INT"]
[Date "2017.02.11"]
[EventDate "2017.01.11"]
[Round "5"]
[Result "1/2-1/2"]
[White "Jon Ludvig Hammer"]
[Black "Fabiano Caruana"]
[WhiteElo "2628"]
[BlackElo "2827"]
[PlyCount "113"]

1. d4 Nf6 2. c4 e6 3. Nf3 d5 4. Nc3 Be7 5. Bf4 O-O 6. e3 Nbd7
7. c5 Ne4 8. Nxe4 dxe4 9. Ne5 Nxe5 10. Bxe5 Bd7 11. Bc4 Bc6
12. O-O Bf6 13. Bg3 Bh4 14. b4 Bxg3 15. fxg3 b5 16. cxb6 axb6
17. Qb3 Ba4 18. Qc3 Qd6 19. Rf4 Bc6 20. Raf1 Bd5 21. Bxd5 exd5
22. a3 c6 23. R4f2 b5 24. Rc2 Ra6 25. Qb2 h5 26. Rc3 g6
27. Rf2 Kg7 28. Qc1 Re8 29. Qf1 Re7 30. Qc1 Re6 31. Qf1 Qe7
32. Qc1 Qg5 33. Qf1 Ra7 34. Qe1 Kf8 35. Qc1 Ra6 36. Qf1 Qe7
37. Qc1 Ke8 38. Qf1 Kf8 39. Qc1 h4 40. gxh4 Qxh4 41. Qf1 f5
42. Rf4 Qh6 43. g4 Rf6 44. Kh1 Ra7 45. gxf5 Raf7 46. Rc2 Rxf5
47. Rxf5 Rxf5 48. Rf2 Qg5 49. Rxf5+ gxf5 50. Qh3 Kg7 51. Qg3
Kg6 52. Kg2 Qg4 53. Qxg4+ fxg4 54. Kg3 Kg5 55. h3 gxh3
56. Kxh3 Kh5 57. Kg3 1/2-1/2

[Event "Sinquefield Cup"]
[Site "Saint Louis, MO USA"]
[Date "2017.08.02"]
[EventDate "2017.08.02"]
[Round "1"]
[Result "1/2-1/2"]
[White "Fabiano Caruana"]
[Black "Magnus Carlsen"]
[WhiteElo "2808"]
[BlackElo "2853"]
[PlyCount "85"]

1.e4 e5 2.Nf3 Nc6 3.Bb5 a6 4.Ba4 Nf6 5.O-O Be7 6.d3 b5 7.Bb3
d6 8.a4 b4 9.a5 O-O 10.Nbd2 Rb8 11.Re1 Be6 12.Bxe6 fxe6 13.Nb3
Qc8 14.Qe2 Nd8 15.d4 exd4 16.Nbxd4 c5 17.Nb3 e5 18.Nbd2 Ne6
19.Nc4 Nd4 20.Nxd4 cxd4 21.Nb6 Qc6 22.Bg5 Bd8 23.Bxf6 Bxb6
24.axb6 Rxf6 25.Rxa6 h6 26.Qd3 Rxb6 27.Rea1 Rxa6 28.Rxa6 Qc5
29.Ra8+ Kh7 30.h3 b3 31.Qxb3 d3 32.cxd3 Qxf2+ 33.Kh2 Qf4+
34.Kh1 Qc1+ 35.Kh2 Qf4+ 36.Kh1 Qg3 37.Qg8+ Kg6 38.Rf8 Qxd3
39.Rxf6+ Kxf6 40.Qf8+ Ke6 41.Qe8+ Kf6 42.Qf8+ Ke6 43.Qe8+
1/2-1/2

[Event "Sinquefield Cup"]
[Site "Saint Louis, MO USA"]
[Date "2017.08.03"]
[EventDate "2017.07.31"]
[Round "2"]
[Result "0-1"]
[White "Levon Aronian"]
[Black "Fabiano Caruana"]
[WhiteElo "2809"]
[BlackElo "2807"]
[PlyCount "220"]

1. d4 d5 2. Nf3 Nf6 3. c4 dxc4 4. e3 e6 5. Bxc4 c5 6. O-O a6
7. Be2 cxd4 8. exd4 Nc6 9. Nc3 Be7 10. Be3 Ng4 11. Bf4 Nf6
12. Rc1 O-O 13. Na4 Nd5 14. Bg3 Bd6 15. Bd3 Nce7 16. Qb3 b6
17. Be4 Rb8 18. Rfe1 Bb7 19. Nc3 Nxc3 20. Bxb7 Nxa2 21. Qxa2
Rxb7 22. Qxa6 Rc7 23. b3 Nf5 24. Rxc7 Qxc7 25. Qb5 h6 26. d5
exd5 27. Qxd5 Nxg3 28. hxg3 Rd8 29. Qb5 g6 30. Ne5 Qc5
31. Qxc5 Bxc5 32. Kf1 Kg7 33. Ke2 Bb4 34. Rc1 Re8 35. f4 f6
36. Rc7+ Kh8 37. Rc6 fxe5 38. Rxb6 exf4+ 39. Kf3 Re3+ 40. Kxf4
Bd2 41. Rxg6 Kh7 42. Kf5 Rxb3 43. Rd6 Bg5 44. Rd7+ Kg8 45. Kg4
Bf6 46. Kf5 Bg7 47. g4 Rb2 48. g3 Rb5+ 49. Ke4 Bf6 50. Rd3
Rb4+ 51. Kf3 Bg5 52. Rd5 Rb3+ 53. Kg2 Kf7 54. Rd6 Ke7 55. Rc6
Rd3 56. Ra6 Rd6 57. Ra3 Ke6 58. Kf3 Ke5 59. Ra5+ Rd5 60. Ra3
Kd4 61. Ra4+ Kd3 62. Ra3+ Kd2 63. Ra1 Rc5 64. Kf2 Rc2 65. Rb1
Bf6 66. Kg2 Ke3+ 67. Kh3 Kf2 68. Rb5 Re2 69. Rb6 Bg5 70. Rb5
Bd2 71. Kh2 Kf1+ 72. Kh1 Re4 73. Rf5+ Ke2 74. Kg2 Rxg4
75. Rf2+ Kd3 76. Rf6 Rd4 77. Rf1 Ke4 78. Rf8 Bg5 79. Rf1 Be3
80. Rf8 Rd2+ 81. Kh3 Bg1 82. Kg4 Ke5 83. Rf5+ Ke6 84. Rf1 Bd4
85. Rh1 Bg7 86. Kf3 Kf5 87. Rh5+ Kg6 88. Rb5 Rd3+ 89. Kf4 Bf8
90. Rb6+ Bd6+ 91. Ke4 Rd1 92. Kf3 Kf5 93. Rb5+ Be5 94. Rb6 h5
95. Rh6 Kg5 96. Re6 Bd6 97. Re8 Rc1 98. Re6 Rd1 99. Re8 Rg1
100. Kf2 Rc1 101. Kf3 Kf5 102. Re3 Bc5 103. Rd3 Ke5 104. Rd2
Rc3+ 105. Kg2 Ke6 106. Kh3 Bd6 107. Kh4 Bxg3+ 108. Kxh5 Kf5
109. Rd5+ Be5 110. Kh4 Rc4+ 0-1

[Event "Sinquefield Cup"]
[Site "Saint Louis, MO USA"]
[Date "2017.08.04"]
[EventDate "2017.07.31"]
[Round "3"]
[Result "1/2-1/2"]
[White "Fabiano Caruana"]
[Black "Ian Nepomniachtchi"]
[WhiteElo "2807"]
[BlackElo "2742"]
[PlyCount "75"]

1. e4 c5 2. Nc3 d6 3. Nge2 Nf6 4. g3 g6 5. Bg2 Nc6 6. d3 Bg7
7. h3 Rb8 8. a4 a6 9. f4 Bd7 10. Be3 b5 11. axb5 axb5 12. Qd2
b4 13. Nd1 O-O 14. O-O Qc7 15. g4 Ra8 16. Rb1 Ra2 17. f5 Ne5
18. Bh6 Qa7 19. Kh1 Bb5 20. Bxg7 Kxg7 21. Nf4 c4 22. g5 Nfd7
23. Ne3 b3 24. d4 bxc2 25. Nxc2 Nd3 26. Nd5 e5 27. Nc3 Qa5
28. dxe5 N7xe5 29. Nd4 Bd7 30. Rfd1 Qc5 31. Nxa2 Qxd4 32. Rf1
Bc6 33. Nc3 Rb8 34. Qe2 Rb3 35. Nd1 Nc5 36. Nc3 Ncd3 37. Nd1
Nc5 38. Nc3 1/2-1/2

[Event "Sinquefield Cup"]
[Site "Saint Louis, MO USA"]
[Date "2017.08.09"]
[EventDate "2017.07.31"]
[Round "7"]
[Result "1/2-1/2"]
[White "Wesley So"]
[Black "Fabiano Caruana"]
[WhiteElo "2810"]
[BlackElo "2807"]
[PlyCount "65"]

1. d4 d5 2. Nf3 Nf6 3. c4 dxc4 4. e3 e6 5. Bxc4 c5 6. O-O a6
7. dxc5 Bxc5 8. Qxd8+ Kxd8 9. Be2 Ke7 10. Nbd2 Nc6 11. b3 Rd8
12. Bb2 b6 13. a3 a5 14. Rfc1 Bb7 15. Bxf6+ gxf6 16. Ne4 Bd6
17. Nxd6 Rxd6 18. Kf1 Rad8 19. g3 f5 20. Ke1 Kf6 21. Rd1 Rxd1+
22. Rxd1 Rxd1+ 23. Kxd1 Ne5 24. Nxe5 Kxe5 25. Kd2 Kd6 26. Kc3
Bc6 27. b4 axb4+ 28. Kxb4 h6 29. Bb5 Bf3 30. Be8 Ke7 31. Ba4
Kd6 32. Be8 Ke7 33. Ba4 1/2-1/2

[Event "Sinquefield Cup"]
[Site "Saint Louis, MO USA"]
[Date "2017.08.11"]
[EventDate "2017.07.31"]
[Round "9"]
[Result "1-0"]
[White "Peter Svidler"]
[Black "Fabiano Caruana"]
[WhiteElo "2749"]
[BlackElo "2807"]
[PlyCount "87"]

1. c4 e5 2. g3 Nf6 3. Bg2 c6 4. Nf3 e4 5. Nd4 Qb6 6. Nb3 a5
7. d3 a4 8. N3d2 d5 9. cxd5 exd3 10. O-O cxd5 11. exd3 Be7
12. Nc3 Qa5 13. Re1 Nc6 14. b4 axb3 15. Bb2 Qd8 16. Qxb3 Be6
17. Ne2 Bb4 18. Red1 O-O 19. Nf4 Bc5 20. Nf3 Bg4 21. Rac1 Bxf3
22. Bxf3 Nd4 23. Bxd4 Bxd4 24. Rc2 b6 25. Bxd5 Ra7 26. Bf3 Re8
27. Ne2 h5 28. Nxd4 Qxd4 29. Rc4 Qe5 30. a4 Qa5 31. Kg2 Rd8
32. d4 Nd5 33. Rdc1 g6 34. Rc8 Rad7 35. Qc4 Kg7 36. Rxd8 Rxd8
37. Rb1 Nf6 38. d5 Ra8 39. d6 Ra7 40. Rd1 Nd7 41. Bc6 Qc5
42. Qd4+ Qxd4 43. Rxd4 Kf6 44. Re4 1-0